| 000 | 01633nam a2200265 u 4500 | ||
|---|---|---|---|
| 001 | 000237561 | ||
| 003 | AM-YeHGA | ||
| 005 | 20250617124714.0 | ||
| 008 | 030620s1976 ai r 000 0 rus d | ||
| 040 | _aAM-YeHGA | ||
| 245 | 0 | 0 |
_aФизические методы и вопросы метрологии биомедицинских измерений : _bТезисы докладов IV Всесоюзного семинара-совещания : 24-27 мая, 1976 г. / _cПод ред. Р.С. Дадашева ; Всесоюзный научно-исследовательский институт физико-технических и радиотехнических измерений. |
| 260 |
_aМосква : _b[Б. и.], _c1976. |
||
| 300 |
_a339 с. ; _c20 см. |
||
| 650 | 1 | 4 | _aКонференции |
| 650 | 1 | 4 | _aБиомедицинские исследования |
| 650 | 1 | 4 |
_aБиометрия _xМетоды _xОборудование |
| 650 | 1 | 4 |
_aКолориметрия _xМетоды _xОборудование |
| 650 | 1 | 4 |
_aЭлектродиагностика _xМетоды _xОборудование |
| 650 | 1 | 4 |
_aРадиометрия _xМетоды _xОборудование |
| 650 | 1 | 4 | _aНаучные исследования |
| 700 | 1 |
_aДадашева, Р.С. _eред. _4edt |
|
| 710 | 2 | _aВсесоюзный научно-исследовательский институт физико-технических и радиотехнических измерений | |
| 711 | 2 |
_aВсесоюзный семинар-совещания _n(4 ; _d1976 ; _cМосква) |
|
| 090 | _c85346 | ||
| 999 |
_c84071 _d84071 |
||